000 00644nam a2200241Ia 4500
003 OSt
005 20220918192554.0
006 a|||||r|||| 00| 0
007 ta
008 220917b |||||||| |||| 00| 0 eng d
024 _a69,094
037 _cTextual
040 _aARTS
_cARTS
_beng
041 _2eng
_aeng
082 _aR3:(Q)z7, G8
100 _aBurgh W G De
_979478
245 0 _aFrom morality to religion
260 _aPort
_bWashington Kennikat Press
_c1938
300 _axxii,352p.
_ccm.
500 _aAppendices (311-43p) (I-II)
942 _hR3:(Q)z7, G8
_cTEXL
_2CC
999 _c195257
_d195257